<?xml version="1.0" encoding="UTF-8"?>
<record
    xmlns:xsi="http://www.w3.org/2001/XMLSchema-instance"
    xsi:schemaLocation="http://www.loc.gov/MARC21/slim http://www.loc.gov/standards/marcxml/schema/MARC21slim.xsd"
    xmlns="http://www.loc.gov/MARC21/slim">

  <leader>01796nam a2200361 i 4500</leader>
  <controlfield tag="003">OSt</controlfield>
  <controlfield tag="005">20210421100616.0</controlfield>
  <controlfield tag="008">210421t20192019-usaob e      001 0 eng d</controlfield>
  <datafield tag="020" ind1=" " ind2=" ">
    <subfield code="a">9781426220579</subfield>
    <subfield code="c">RM286.65</subfield>
    <subfield code="q">hardback</subfield>
  </datafield>
  <datafield tag="040" ind1=" " ind2=" ">
    <subfield code="a">PPAK</subfield>
    <subfield code="b">eng</subfield>
    <subfield code="c">PPAK</subfield>
    <subfield code="e">rda</subfield>
  </datafield>
  <datafield tag="082" ind1="0" ind2="4">
    <subfield code="2">23</subfield>
    <subfield code="a">917.304</subfield>
  </datafield>
  <datafield tag="090" ind1="0" ind2="0">
    <subfield code="a">917.304</subfield>
    <subfield code="b">WAT</subfield>
    <subfield code="d">R</subfield>
  </datafield>
  <datafield tag="100" ind1="1" ind2=" ">
    <subfield code="a">Waterman, Jonathan,</subfield>
    <subfield code="e">author.</subfield>
  </datafield>
  <datafield tag="245" ind1="1" ind2="0">
    <subfield code="a">ATLAS OF THE NATIONAL PARKS /</subfield>
    <subfield code="b">JON WATERMAN ; Foreword by Gary Knell Chairman, National Geographic Partners</subfield>
  </datafield>
  <datafield tag="246" ind1="3" ind2="3">
    <subfield code="a">National Geographic</subfield>
  </datafield>
  <datafield tag="264" ind1=" " ind2="1">
    <subfield code="a">Washington, DC : </subfield>
    <subfield code="b">National Geographic, </subfield>
    <subfield code="c">[2019]</subfield>
  </datafield>
  <datafield tag="264" ind1=" " ind2="4">
    <subfield code="c">&#xA9;2019</subfield>
  </datafield>
  <datafield tag="300" ind1=" " ind2=" ">
    <subfield code="a">431 pages :</subfield>
    <subfield code="b">colour illustrations, colour photographs, colour maps ;</subfield>
    <subfield code="c">35 cm</subfield>
  </datafield>
  <datafield tag="336" ind1=" " ind2=" ">
    <subfield code="2">rdacontent</subfield>
    <subfield code="a">text</subfield>
  </datafield>
  <datafield tag="337" ind1=" " ind2=" ">
    <subfield code="2">rdamedia</subfield>
    <subfield code="a">unmediated</subfield>
  </datafield>
  <datafield tag="338" ind1=" " ind2=" ">
    <subfield code="2">rdacarrier</subfield>
    <subfield code="a">volume</subfield>
  </datafield>
  <datafield tag="490" ind1="1" ind2=" ">
    <subfield code="a">NATIONAL GEOGRAPHIC</subfield>
  </datafield>
  <datafield tag="500" ind1=" " ind2=" ">
    <subfield code="a">Includes index</subfield>
  </datafield>
  <datafield tag="505" ind1=" " ind2=" ">
    <subfield code="t">Inside the National park system --
</subfield>
    <subfield code="t">The glory of the national parks --
</subfield>
    <subfield code="t">Eastern coast &amp; forest parks --</subfield>
    <subfield code="t">Central plains, lakes &amp; mountains parks --
</subfield>
    <subfield code="t">Desert southwest parks --
</subfield>
    <subfield code="t">Pacific northwest parks --</subfield>
    <subfield code="t">Alaska &amp; Hawai'i parks --
</subfield>
    <subfield code="t">More national parks at a glance --
</subfield>
    <subfield code="t">Complete list of park units.</subfield>
  </datafield>
  <datafield tag="520" ind1=" " ind2=" ">
    <subfield code="a">	
"Profiles of 60 parks--from battlefields to national seashores--administered by the National Park Service, highlighting their diverse appeal and available outdoor activities. A brief glimpse is given of 29 additional parks, including the newly created Indiana Sand Dunes."</subfield>
  </datafield>
  <datafield tag="650" ind1="1" ind2="0">
    <subfield code="a">National parks and reserves </subfield>
    <subfield code="z">United States</subfield>
    <subfield code="v">Guidebooks. </subfield>
  </datafield>
  <datafield tag="650" ind1="2" ind2="0">
    <subfield code="a">National parks and reserves. </subfield>
  </datafield>
  <datafield tag="651" ind1="2" ind2="0">
    <subfield code="a">United States.</subfield>
  </datafield>
  <datafield tag="700" ind1="1" ind2=" ">
    <subfield code="a">Knell, Gary,</subfield>
    <subfield code="e">writer of foreword.</subfield>
  </datafield>
  <datafield tag="710" ind1="1" ind2=" ">
    <subfield code="a">National Geographic Partners,</subfield>
    <subfield code="e">issuing body.</subfield>
  </datafield>
  <datafield tag="830" ind1=" " ind2="0">
    <subfield code="a">National geographic</subfield>
  </datafield>
  <datafield tag="942" ind1=" " ind2=" ">
    <subfield code="2">ddc</subfield>
    <subfield code="c">B</subfield>
  </datafield>
  <datafield tag="999" ind1=" " ind2=" ">
    <subfield code="c">183575</subfield>
    <subfield code="d">183575</subfield>
  </datafield>
  <datafield tag="952" ind1=" " ind2=" ">
    <subfield code="0">0</subfield>
    <subfield code="7">1</subfield>
    <subfield code="b">PPAK</subfield>
    <subfield code="c">R</subfield>
    <subfield code="d">2021-04-27</subfield>
    <subfield code="o">R 917.304 WAT</subfield>
    <subfield code="p">A01690823</subfield>
    <subfield code="r">2021-04-27 00:00:00</subfield>
    <subfield code="y">B</subfield>
  </datafield>
  <datafield tag="952" ind1=" " ind2=" ">
    <subfield code="0">0</subfield>
    <subfield code="7">1</subfield>
    <subfield code="b">SP</subfield>
    <subfield code="c">R</subfield>
    <subfield code="d">2021-04-27</subfield>
    <subfield code="o">R 917.304 WAT</subfield>
    <subfield code="p">A01690824</subfield>
    <subfield code="r">2021-04-27 00:00:00</subfield>
    <subfield code="y">B</subfield>
  </datafield>
  <datafield tag="952" ind1=" " ind2=" ">
    <subfield code="0">0</subfield>
    <subfield code="7">1</subfield>
    <subfield code="b">BL</subfield>
    <subfield code="c">R</subfield>
    <subfield code="d">2021-04-27</subfield>
    <subfield code="o">R 917.304 WAT</subfield>
    <subfield code="p">A01690825</subfield>
    <subfield code="r">2021-04-27 00:00:00</subfield>
    <subfield code="y">B</subfield>
  </datafield>
</record>
